000 00864nam a2200253 a 4500
001 000015018
003 DO-SdBNP
005 20260321073639.0
007 ta
008 100129s2007 dr 001 0 spa d
040 _aDO-SdBNP
_bspa
_cBNPHU
082 4 _a972.93054
_bK96j
_222
100 1 _aKury, Farid,
_d1962-
_933990
245 1 0 _aJuan Bosch :
_bmemorias del golpe /
_cFarid Kury.
260 _aSanto Domingo :
_bCentenario,
_c2007.
300 _a103 p. ;
_c21 cm.
500 _aIncluye datos biográficos del autor en la solapa de la cubierta
590 _aInventariado, 2022/MFF
600 1 0 _a Bosch, Juan,
_d1909-2001
_976555
650 4 _aPresidentes
_933991
_zRepública Dominicana
_vBiografías
651 0 _aRepública Dominicana --
_xHistoria --
_y1961-
_96572
651 4 _aRepública Dominicana
_xHistoria
_y1930-1961
_91301
942 _2ddc
_cLBS1
999 _c14591
_d14591